|
|
|
|
| LEADER |
00000nam0a2200000 4500 |
| 001 |
336416 |
| 005 |
20231102004843.0 |
| 035 |
|
|
|a (RuTPU)RU\TPU\book\362832
|
| 090 |
|
|
|a 336416
|
| 100 |
|
|
|a 20171013d1959 k y0rusy50 ca
|
| 101 |
0 |
|
|a rus
|
| 102 |
|
|
|a RU
|
| 105 |
|
|
|a a dm 001zy
|
| 200 |
1 |
|
|a Новые рефрактометрические методы структурной химии
|e автореферат диссертации на соискание ученой степени доктора химических наук
|f С. С. Бацанов
|g Академия наук СССР (АН СССР), Сибирское отделение (СО), Институт неорганической химии им. А. В. Николаева (ИНХ)
|
| 210 |
|
|
|a Москва
|c [Б. и.]
|d 1959
|
| 215 |
|
|
|a 37 с.
|c ил.
|
| 300 |
|
|
|a Защита сост. в январе 1960 г.
|
| 320 |
|
|
|a Библиогр.: с. 35-37 (42 назв.)
|
| 606 |
1 |
|
|a Химия структурная
|2 stltpush
|3 (RuTPU)RU\TPU\subj\17386
|9 43044
|
| 610 |
1 |
|
|a библиотека А. Г. Стромберга
|
| 610 |
1 |
|
|a структурированные системы
|
| 610 |
1 |
|
|a рефрактометрический метод
|
| 610 |
1 |
|
|a рефрактометрия
|
| 610 |
1 |
|
|a рефракция
|
| 610 |
1 |
|
|a история
|
| 610 |
1 |
|
|a теория
|
| 610 |
1 |
|
|a методы
|
| 610 |
1 |
|
|a расчеты
|
| 610 |
1 |
|
|a атомные рефракции
|
| 610 |
1 |
|
|a межатомные расстояния
|
| 610 |
1 |
|
|a водородные связи
|
| 610 |
1 |
|
|a авторефераты диссертаций
|
| 675 |
|
|
|a 544.16(04)
|v 4
|
| 700 |
|
1 |
|a Бацанов
|b С. С.
|
| 712 |
0 |
2 |
|a Академия наук СССР (АН СССР)
|b Сибирское отделение (СО)
|b Институт неорганической химии им. А. В. Николаева (ИНХ)
|c (Новосибирск)
|2 stltpush
|3 (RuTPU)RU\TPU\col\12178
|
| 801 |
|
1 |
|a RU
|b 63413507
|c 20171013
|
| 801 |
|
2 |
|a RU
|b 63413507
|c 20180205
|g RCR
|
| 942 |
|
|
|c BK
|